| 000 | 01015nam0a22002531 4500 | ||
|---|---|---|---|
| 001 | rc\1076831 | ||
| 005 | 20041129104611.1 | ||
| 035 | _a(NLR Aleph) 006236357 | ||
| 090 |
_a6625711 _c6625711 |
||
| 100 | _a20041129d1980 u |0rusy50 ca | ||
| 101 | 0 | _arus | |
| 102 | _aRU | ||
| 105 | _aa ||||||||| | ||
| 200 | 1 |
_aЗвери в камне _e[Сб. статей _fАН СССР. Сиб. отд-ние, Ин-т истории, филологии и философии] _gОтв. ред. Р.С. Василевский |
|
| 210 |
_aНовосибирск _cНаука. Сиб. отд-ние _d1980 |
||
| 215 |
_a253 с. _cил. _d25 |
||
| 225 | 1 | _aПервобытное искусство | |
| 702 | 1 |
_aВасилевский _bР. С. _gРуслан Сергеевич _4340 |
|
| 712 | 0 | 2 |
_aИнститут истории, филологии и философии _cНовосибирск _3RU\NLR\AUTH\889067 |
| 801 | 0 |
_aRU _bNLR _gpsbo |
|
| 801 | 1 |
_aRU _bELAR _2rusmarc |
|
| 852 |
_aNLR _j80-7/886 |
||
| 942 | _cBOOK | ||
| 980 | _aNB | ||